[Event "Novi Sad TS GM/IM Mix 189th"]
[Site "Novi Sad"]
[Date "2024.03.02"]
[Round "4"]
[White "Sredojevic, Ivan"]
[Black "Khodko, Yurii N"]
[Result "1/2-1/2"]
[WhiteElo "2265"]
[BlackElo "2052"]
[PlyCount "70"]
[EventDate "2024.02.29"]
[EventType "swiss"]
[EventRounds "9"]
[EventCountry "SRB"]
[SourceTitle "CB12_2024"]
[SourceDate "2023.10.01"]
[SourceVersion "1"]
[SourceVersionDate "2023.10.01"]
[SourceQuality "1"]

1. d4 Nf6 2. g3 g6 3. Bg2 Bg7 4. e4 d6 5. Nc3 0-0 6. Nge2 e5 7. h3 Nbd7 8. Be3 c6 9. a4 Re8 10. 0-0 a5 11. dxe5 dxe5 12. Qd2 Qc7 13. Rad1 b6 14. Qd6 Qb7 15. f4 b5 16. axb5 cxb5 17. Qd3 b4 18. Nb5 Qc6 19. Na7 Rxa7 20. Bxa7 Ba6 21. Qd2 Nc5 22. fxe5 Nfxe4 23. Qf4 Bxe2 24. Qxf7+ Kh8 25. Bxe4 Nxe4 26. Rd7 Rg8 27. Qxg8+ Kxg8 28. Rd8+ Bf8 29. Rdxf8+ Kg7 30. R1f7+ Kh6 31. Be3+ g5 32. Rf6+ Nxf6 33. Rxf6+ Qxf6 34. exf6 Kg6 35. Bxg5 Bd1 1/2-1/2

[Event "Chigorin Memorial 30th"]
[Site "St Petersburg"]
[Date "2023.10.26"]
[Round "6"]
[White "Khodko, Yurii N"]
[Black "Sannikov, Fedor"]
[Result "0-1"]
[WhiteElo "2047"]
[BlackElo "1583"]
[PlyCount "72"]
[EventDate "2023.10.21"]
[EventType "swiss"]
[EventRounds "9"]
[EventCountry "RUS"]
[SourceTitle "Mega2024 Update 01"]
[Source "Chessbase"]
[SourceDate "2023.11.12"]
[SourceVersion "1"]
[SourceVersionDate "2023.11.12"]
[SourceQuality "1"]

1. e4 e5 2. Nf3 Nc6 3. d4 exd4 4. c3 d5 5. exd5 Qxd5 6. cxd4 Nf6 7. Nc3 Bb4 8. Be2 0-0 9. 0-0 Qa5 10. Bd2 Bg4 11. a3 Bxc3 12. Bxc3 Qd5 13. h3 Bh5 14. Qa4 Ne4 15. Rae1 Rfe8 16. Qb5 Nxc3 17. bxc3 Bxf3 18. gxf3 Ne7 19. Bc4 Qxb5 20. Bxb5 c6 21. Bc4 Ng6 22. Kg2 b5 23. Bb3 Nf4+ 24. Kg3 Ne2+ 25. Kg4 Nxc3 26. Rxe8+ Rxe8 27. Rc1 Ne2 28. Re1 Kf8 29. d5 h5+ 30. Kh4 Nd4 31. Rb1 Nxf3+ 32. Kxh5 Nd2 33. Rb2 Nxb3 34. Rxb3 Re5+ 35. Kg4 Rxd5 36. f4 a5 0-1

[Event "Chigorin Memorial 30th"]
[Site "St Petersburg"]
[Date "2023.10.21"]
[Round "1"]
[White "Protasov, Nikolay1"]
[Black "Khodko, Yurii N"]
[Result "0-1"]
[WhiteElo "1514"]
[BlackElo "2047"]
[PlyCount "64"]
[EventDate "2023.10.21"]
[EventType "swiss"]
[EventRounds "9"]
[EventCountry "RUS"]
[SourceTitle "Mega2024 Update 01"]
[Source "Chessbase"]
[SourceDate "2023.11.12"]
[SourceVersion "1"]
[SourceVersionDate "2023.11.12"]
[SourceQuality "1"]

1. e4 e6 2. d3 d5 3. Qe2 Nf6 4. Nf3 Be7 5. g3 0-0 6. Bg2 c5 7. 0-0 Nc6 8. e5 Nd7 9. c4 d4 10. h4 Rb8 11. Bf4 h6 12. Re1 Re8 13. Nbd2 b5 14. Nh2 Nb4 15. Rec1 bxc4 16. Nxc4 Bb7 17. Ng4 Bxg2 18. Kxg2 Bf8 19. Nd2 Nd5 20. Ne4 h5 21. Nh2 Nxf4+ 22. gxf4 Qxh4 23. Rh1 g6 24. Ng3 Qxf4 25. Nf3 Be7 26. Rh3 h4 27. Rah1 Kg7 28. Nxh4 Nxe5 29. Nxg6 Nxg6 30. Rh7+ Kg8 31. Qh5 Bf6 32. Ne4 Qxe4+ 0-1

[Event "Chigorin Memorial Blitz 30th"]
[Site "St Petersburg"]
[Date "2023.10.20"]
[Round "10"]
[White "Khodko, Yurii N"]
[Black "Bazeev, German"]
[Result "1-0"]
[WhiteElo "2047"]
[BlackElo "2369"]
[PlyCount "101"]
[EventDate "2023.10.20"]
[EventType "swiss (blitz)"]
[EventRounds "11"]
[EventCountry "RUS"]
[SourceTitle "Mega2024 Update 01"]
[Source "Chessbase"]
[SourceDate "2023.11.12"]
[SourceVersion "1"]
[SourceVersionDate "2023.11.12"]
[SourceQuality "1"]

1. e4 c6 2. d4 d5 3. exd5 cxd5 4. c4 e6 5. Nc3 Nf6 6. Nf3 Be7 7. cxd5 Nxd5 8. Bd3 Nc6 9. 0-0 0-0 10. Re1 Bd7 11. a3 Nxc3 12. bxc3 Bf6 13. Rb1 b6 14. Bc2 Re8 15. Qd3 g6 16. Bf4 Rc8 17. Rbd1 Bg7 18. h4 Ne7 19. h5 Nd5 20. Bd2 Qc7 21. Ng5 Bc6 22. hxg6 hxg6 23. Qh3 Nf6 24. Qh4 Nh5 25. c4 b5 26. c5 Rcd8 27. Be3 a5 28. Rd2 b4 29. axb4 axb4 30. Bd1 f6 31. Nh3 e5 32. Bxh5 gxh5 33. dxe5 Rxd2 34. Bxd2 Rxe5 35. Rxe5 Qxe5 36. Qxb4 Bf8 37. Be3 Qd5 38. Nf4 Qd1+ 39. Kh2 Qg4 40. Qb3+ Kh7 41. Qd3+ Kg8 42. Qc4+ Kh7 43. Qf7+ Bg7 44. Qxh5+ Qxh5+ 45. Nxh5 Bh8 46. g4 Kg6 47. Nf4+ Kf7 48. Bd4 Bg7 49. Nh5 Bh8 50. Kg3 Ke6 51. g5 1-0

[Event "RUS-ch Rapid"]
[Site "Sochi"]
[Date "2023.10.16"]
[Round "7"]
[White "Drygalov, Sergey"]
[Black "Khodko, Yurii N"]
[Result "1-0"]
[WhiteElo "2547"]
[BlackElo "2047"]
[PlyCount "133"]
[EventDate "2023.10.15"]
[EventType "swiss (rapid)"]
[EventRounds "11"]
[EventCountry "RUS"]
[SourceTitle "Mega2024 Update 01"]
[Source "Chessbase"]
[SourceDate "2023.11.12"]
[SourceVersion "1"]
[SourceVersionDate "2023.11.12"]
[SourceQuality "1"]

1. d4 Nf6 2. c4 g6 3. Nf3 Bg7 4. g3 0-0 5. Bg2 d6 6. Nc3 Nc6 7. 0-0 a6 8. Bf4 Rb8 9. Rc1 Bg4 10. d5 Na5 11. b3 c5 12. dxc6 Nxc6 13. h3 Bd7 14. c5 Qa5 15. cxd6 e5 16. b4 Qxb4 17. Nxe5 Rfe8 18. Nxd7 Nxd7 19. Nd5 Qd4 20. Ne7+ Nxe7 21. dxe7 Qxd1 22. Rfxd1 Ne5 23. Rc7 Bf6 24. Rxb7 Rxb7 25. Bxb7 Rxe7 26. Bxa6 Ra7 27. Bxe5 Bxe5 28. Bc4 h5 29. Bb3 Kg7 30. Rd5 Bf6 31. a4 Bc3 32. Kg2 Re7 33. e3 Ra7 34. Kf3 f5 35. h4 Rc7 36. Rb5 Rd7 37. Bd5 Ra7 38. Bc6 Kh6 39. Rd5 Rc7 40. Bb5 Be1 41. Rd1 Ba5 42. Rd6 Rc2 43. Bd3 Rd2 44. Rd5 Bc3 45. e4 fxe4+ 46. Bxe4 Rxd5 47. Bxd5 Kg7 48. g4 hxg4+ 49. Kxg4 Kf6 50. h5 gxh5+ 51. Kxh5 Be1 52. f3 Ke5 53. Be4 Bd2 54. Kg6 Ke6 55. Bf5+ Ke5 56. Bg4 Be1 57. Kf7 Bd2 58. Ke7 Kd5 59. Kf6 Kd4 60. Kf5 Be1 61. Bh5 Bd2 62. f4 Be1 63. Ke6 Ke4 64. f5 Kf4 65. f6 Kg5 66. f7 Bb4 67. a5 1-0

[Event "RUS-ch Rapid"]
[Site "Sochi"]
[Date "2023.10.16"]
[Round "6"]
[White "Khodko, Yurii N"]
[Black "Dzhumagaliev, Yan"]
[Result "1/2-1/2"]
[WhiteElo "2047"]
[BlackElo "2411"]
[PlyCount "87"]
[EventDate "2023.10.15"]
[EventType "swiss (rapid)"]
[EventRounds "11"]
[EventCountry "RUS"]
[SourceTitle "Mega2024 Update 01"]
[Source "Chessbase"]
[SourceDate "2023.11.12"]
[SourceVersion "1"]
[SourceVersionDate "2023.11.12"]
[SourceQuality "1"]

1. e4 c5 2. c3 d5 3. exd5 Qxd5 4. d4 Nc6 5. Nf3 e6 6. Be2 Nf6 7. 0-0 Be7 8. Be3 cxd4 9. cxd4 0-0 10. Nc3 Qa5 11. a3 Nd5 12. Qd2 Nxc3 13. Qxc3 a6 14. b4 Qf5 15. Bd3 Qh5 16. Be4 Bd7 17. Rad1 Rac8 18. Qb2 Bd6 19. h3 f5 20. Ne5 fxe4 21. Nxd7 Rf7 22. Nc5 Qf5 23. f4 b6 24. g4 Qg6 25. d5 exd5 26. f5 Qf6 27. Qxf6 gxf6 28. Rxd5 bxc5 29. Rxd6 cxb4 30. Rc1 Ne7 31. axb4 Rb8 32. Bc5 h5 33. Re6 Nd5 34. Rxe4 hxg4 35. hxg4 Rfb7 36. Rcc4 Kf7 37. Rcd4 Nc3 38. Re6 Re8 39. Rxe8 Kxe8 40. Rd6 a5 41. bxa5 Rb1+ 42. Kg2 Ra1 43. a6 Kf7 44. a7 1/2-1/2

[Event "Chigorin Memorial 29th"]
[Site "St Petersburg"]
[Date "2022.10.29"]
[Round "8"]
[White "Klevets, Ksenia"]
[Black "Khodko, Yurii N"]
[Result "1/2-1/2"]
[WhiteElo "1758"]
[BlackElo "1988"]
[PlyCount "82"]
[EventDate "2022.10.22"]
[EventType "swiss"]
[EventRounds "9"]
[EventCountry "RUS"]
[SourceTitle "EXT 2024"]
[Source "ChessBase"]
[SourceDate "2023.10.10"]
[SourceVersion "1"]
[SourceVersionDate "2023.10.10"]
[SourceQuality "1"]

1. e4 e6 2. d4 d5 3. e5 c5 4. c3 Qb6 5. Nf3 Nc6 6. a3 c4 7. Nbd2 Na5 8. Rb1 Bd7 9. Be2 Rc8 10. h4 h5 11. Ng5 g6 12. g3 Nb3 13. Nxb3 Ba4 14. Bf4 Qxb3 15. Qxb3 Bxb3 16. Rc1 Rc6 17. Bd1 Rb6 18. Bxb3 Rxb3 19. Rc2 Ne7 20. Nf3 Nc6 21. Nd2 Rb6 22. f3 Be7 23. Bg5 Bf8 24. Bf6 Rh7 25. g4 Kd7 26. Kd1 Na5 27. Nf1 Nb3 28. Ng3 Rc6 29. Rg2 b5 30. gxh5 gxh5 31. Ne2 a5 32. Rg8 Rc8 33. Rhg1 b4 34. axb4 axb4 35. Kc2 bxc3 36. bxc3 Ra8 37. Rb1 Rh6 38. Nf4 Ra2+ 39. Rb2 Ra1 40. Rb1 Ra2+ 41. Rb2 Ra1 1/2-1/2

[Event "Chigorin Memorial Blitz"]
[Site "St Petersburg"]
[Date "2022.10.21"]
[Round "9"]
[White "Nikitenko, Mihail"]
[Black "Khodko, Yurii N"]
[Result "1-0"]
[WhiteElo "2484"]
[BlackElo "1988"]
[PlyCount "152"]
[EventDate "2022.10.21"]
[EventType "swiss (blitz)"]
[EventRounds "11"]
[EventCountry "RUS"]
[SourceTitle "EXT 2024"]
[Source "ChessBase"]
[SourceDate "2023.10.10"]
[SourceVersion "1"]
[SourceVersionDate "2023.10.10"]
[SourceQuality "1"]

1. e4 e6 2. d4 d5 3. Nd2 dxe4 4. Nxe4 Nf6 5. Ng3 c5 6. Nf3 Nc6 7. Be3 Ng4 8. Bc4 b5 9. Be2 Nxe3 10. fxe3 cxd4 11. exd4 Qb6 12. 0-0 Be7 13. c3 0-0 14. Kh1 b4 15. Bd3 g6 16. Ne4 Ba6 17. Bxa6 Qxa6 18. Qd2 bxc3 19. Qh6 f6 20. bxc3 Qd3 21. Rae1 Rab8 22. Qh3 Nd8 23. Qg3 Rb2 24. Qc7 Rb7 25. Qc8 Qa6 26. Nc5 Bxc5 27. dxc5 Rb6 28. Qd7 Qb7 29. Qa4 Ra6 30. Qc4 Ra5 31. Nd4 Qd5 32. Qxd5 exd5 33. c6 Rc5 34. Rf3 Rc4 35. h3 Nxc6 36. Ne6 Re4 37. Rxe4 dxe4 38. Re3 Re8 39. Rxe4 f5 40. Re2 Rb8 41. Kg1 Rb1+ 42. Kf2 Rc1 43. Ng5 Rxc3 44. Re8+ Kg7 45. Rc8 Rc2+ 46. Kf1 Nd4 47. Rd8 Nc6 48. Rd7+ Kf6 49. Nxh7+ Ke5 50. Rc7 Nd4 51. Rxa7 Rc1+ 52. Kf2 Rc2+ 53. Kg1 Kf4 54. Ra3 Ne2+ 55. Kh2 Nc3 56. Nf8 g5 57. Ne6+ Ke5 58. Nxg5 Nxa2 59. Nf3+ Kf4 60. Ra4+ Ke3 61. Nd4 Rf2 62. Nxf5+ Kd3 63. Ra3+ Ke4 64. Ng3+ Ke5 65. h4 Nb4 66. Kh3 Nd5 67. Ra5 Ke6 68. Ne4 Re2 69. Ng5+ Kd6 70. g3 Ne3 71. Ra1 Rb2 72. Ne4+ Ke5 73. Ng5 Rc2 74. Re1 Kd4 75. h5 Rc5 76. Ne6+ Kd5 1-0

[Event "RUS-chT Rapid"]
[Site "Sochi"]
[Date "2022.10.18"]
[Round "1.15"]
[White "Khodko, Yurii N"]
[Black "Rozum, Ivan"]
[Result "0-1"]
[WhiteElo "1988"]
[BlackElo "2497"]
[PlyCount "106"]
[EventDate "2022.10.18"]
[EventType "team-swiss (rapid)"]
[EventRounds "9"]
[EventCountry "RUS"]
[SourceTitle "CBM 210 Extra"]
[Source "ChessBase"]
[SourceDate "2022.11.30"]
[SourceVersion "1"]
[SourceVersionDate "2022.11.30"]
[SourceQuality "1"]
[WhiteTeam "St Petersburg Akad Talantov"]
[BlackTeam "Vologodsk Region"]
[WhiteTeamCountry "RUS"]
[BlackTeamCountry "RUS"]

1. e4 c5 2. Nf3 d6 3. d4 cxd4 4. Nxd4 Nf6 5. Nc3 a6 6. Nb3 e6 7. g4 b5 8. Bg2 Bb7 9. a3 Nfd7 10. Bf4 Qc7 11. Qd2 Nc6 12. 0-0-0 Nce5 13. Bxe5 Nxe5 14. Bf1 Be7 15. f4 Nxg4 16. Rg1 Nf6 17. Qd4 e5 18. Qe3 g6 19. Kb1 0-0 20. f5 Kg7 21. Be2 Rac8 22. Rd2 Rfd8 23. Bf3 d5 24. fxg6 hxg6 25. exd5 Bxa3 26. h4 Bc5 27. Nxc5 Qxc5 28. Qg5 Rh8 29. h5 Rh6 30. Rdg2 Qd4 31. hxg6 Rxg6 32. Qf5 Qxg1+ 33. Rxg1 Rxg1+ 34. Ka2 Re8 35. b3 b4 36. Ne4 Nxd5 37. c4 Bc8 38. Qh5 Nc3+ 39. Nxc3 bxc3 40. Be4 Rg4 41. Qh7+ Kf8 42. Qh8+ Rg8 43. Qh6+ Ke7 44. Qh4+ Kf8 45. Qh6+ Ke7 46. Qh4+ Kf8 47. Qf6 Rg4 48. Bc6 Re6 49. Qd8+ Kg7 50. Qxc8 e4 51. Bd5 Rg2+ 52. Kb1 Rf6 53. Qc5 Rf1# 0-1

[Event "St Petersburg Amir Cup Rapid"]
[Site "St Petersburg"]
[Date "2021.05.22"]
[Round "2"]
[White "Khodko, Yurii N"]
[Black "Manin, Viktor L"]
[Result "1-0"]
[WhiteElo "2037"]
[BlackElo "2122"]
[PlyCount "69"]
[EventDate "2021.05.22"]
[EventType "swiss (rapid)"]
[EventRounds "9"]
[EventCountry "RUS"]
[SourceTitle "CBM 202 Extra"]
[Source "ChessBase"]
[SourceDate "2021.07.31"]
[SourceVersion "1"]
[SourceVersionDate "2021.07.31"]
[SourceQuality "1"]

1. e4 e5 2. Nf3 Nc6 3. d4 exd4 4. c3 d5 5. exd5 Qxd5 6. cxd4 Bg4 7. Be2 Bb4+ 8. Nc3 Nge7 9. 0-0 Qa5 10. Bd2 0-0 11. a3 Bxc3 12. Bxc3 Qd5 13. h3 Bh5 14. Re1 Rad8 15. Qa4 a6 16. Rad1 Rfe8 17. Ne5 Bxe2 18. Rxe2 Nf5 19. Nxc6 Rxe2 20. Nxd8 Nh4 21. Kf1 Re7 22. f3 Nxf3 23. Qc2 Nh4 24. Qf2 Nf5 25. Re1 Rxe1+ 26. Kxe1 g6 27. g4 Nd6 28. Qf6 Ne4 29. Qe7 Kg7 30. Qe5+ Qxe5 31. dxe5 Nc5 32. e6+ Kf8 33. Bb4 b6 34. Bxc5+ bxc5 35. exf7 1-0

[Event "Wch FIDE Online U12 Europe qual"]
[Site "Tornelo INT"]
[Date "2020.12.09"]
[Round "7"]
[White "Khodko, Yurii N"]
[Black "Von Mettenheim, Johannes"]
[Result "1-0"]
[WhiteElo "1845"]
[BlackElo "1945"]
[PlyCount "69"]
[EventDate "2020.12.07"]
[EventType "swiss (rapid)"]
[EventRounds "7"]
[EventCountry "ISS"]
[SourceTitle "EXT 2022"]
[Source "ChessBase"]
[SourceDate "2021.10.06"]
[SourceVersion "1"]
[SourceVersionDate "2021.10.06"]
[SourceQuality "1"]

1. e4 c6 2. c4 d5 3. exd5 Nf6 4. d4 cxd5 5. Nc3 Nc6 6. Nf3 g6 7. cxd5 Nxd5 8. Bc4 Be6 9. Qb3 Ncb4 10. Nxd5 Nxd5 11. Bb5+ Bd7 12. Bxd7+ Qxd7 13. Ne5 Qe6 14. Qb5+ Kd8 15. Qxb7 Rc8 16. Bd2 Bg7 17. Ba5+ Ke8 18. 0-0 f6 19. Nd3 Kf7 20. Nc5 Qd6 21. Ne4 Qc6 22. Qxc6 Rxc6 23. Rac1 Rhc8 24. Rxc6 Rxc6 25. Nc3 Ra6 26. Nxd5 Rxa5 27. Nc3 f5 28. Rd1 Ra6 29. f3 Rd6 30. Ne2 Rb6 31. b3 Ra6 32. Rd2 Bh6 33. f4 Ke6 34. Kf2 Rc6 35. d5+ 1-0

[Event "Wch FIDE Online U12 Europe qual"]
[Site "Tornelo INT"]
[Date "2020.12.07"]
[Round "1"]
[White "Khodko, Yurii N"]
[Black "Hauchamps, Maxime"]
[Result "0-1"]
[WhiteElo "1845"]
[BlackElo "1683"]
[PlyCount "124"]
[EventDate "2020.12.07"]
[EventType "swiss (rapid)"]
[EventRounds "7"]
[EventCountry "ISS"]
[SourceTitle "EXT 2022"]
[Source "ChessBase"]
[SourceDate "2021.10.06"]
[SourceVersion "1"]
[SourceVersionDate "2021.10.06"]
[SourceQuality "1"]

1. e4 c5 2. Nf3 Nc6 3. d4 cxd4 4. Nxd4 Nf6 5. Nc3 e5 6. Ndb5 d6 7. Bg5 a6 8. Na3 b5 9. Nd5 Be7 10. Bxf6 Bxf6 11. c3 0-0 12. Nc2 Bg5 13. a4 bxa4 14. Rxa4 g6 15. Bc4 Kh8 16. 0-0 f5 17. exf5 gxf5 18. Qe2 a5 19. b4 Bb7 20. b5 Ne7 21. Rd1 f4 22. Ne1 Nf5 23. b6 Nh4 24. f3 Nf5 25. Nc7 Rc8 26. Ba6 Rxc7 27. bxc7 Qxc7 28. Bxb7 Qxb7 29. Rda1 Bd8 30. Nc2 Rg8 31. Qe4 Qxe4 32. Rxe4 Nh4 33. Ne1 Bb6+ 34. Kf1 Nf5 35. Nc2 Nh4 36. Rb1 Bc5 37. Ne1 Nf5 38. Rb5 Ne3+ 39. Rxe3 Bxe3 40. Rxa5 Bd2 41. Rd5 Bxc3 42. Rxd6 Bxe1 43. Kxe1 Rxg2 44. Re6 Rxh2 45. Rxe5 Kg7 46. Rf5 Rh4 47. Ke2 Kg6 48. Rf8 Rh2+ 49. Kd3 Kg5 50. Rg8+ Kf6 51. Ke4 Rh4 52. Rf8+ Kg5 53. Ke5 h5 54. Rf5+ Kg6 55. Rf6+ Kg7 56. Ra6 Rh2 57. Kxf4 Rc2 58. Ra5 h4 59. Kg4 Rc4+ 60. f4 h3 61. Rh5 h2 62. Rxh2 Kg6 0-1

[Event "EU-ch Online U2300 Qual"]
[Site "Chess.com INT"]
[Date "2020.05.25"]
[Round "6"]
[White "Khodko, Yurii N"]
[Black "Iustin, Silviu"]
[Result "1/2-1/2"]
[WhiteElo "2048"]
[BlackElo "1998"]
[PlyCount "100"]
[EventDate "2020.05.25"]
[EventType "swiss"]
[EventRounds "8"]
[EventCountry "NET"]
[SourceTitle "EXT 2021"]
[Source "ChessBase"]
[SourceDate "2020.10.23"]
[SourceVersion "1"]
[SourceVersionDate "2020.10.23"]
[SourceQuality "1"]

1. e4 e6 2. d4 d5 3. e5 c5 4. Qg4 Ne7 5. Nf3 Nbc6 6. Bd3 Nf5 7. Bxf5 exf5 8. Qg3 cxd4 9. Nbd2 Be6 10. 0-0 h6 11. h4 g6 12. Nb3 Be7 13. Nbxd4 Nxd4 14. Nxd4 g5 15. h5 Qb6 16. Qd3 f4 17. b3 Rc8 18. Bb2 Bc5 19. Rad1 Bxd4 20. Bxd4 Qc6 21. c3 b6 22. a4 Ke7 23. Rfe1 Bg4 24. Ra1 Bxh5 25. e6 Bg6 26. Qa6 f6 27. Qxa7+ Rc7 28. Qxb6 Qxb6 29. Bxb6 Rxc3 30. b4 h5 31. Bc5+ Ke8 32. Bd4 Rc4 33. Bxf6 Rf8 34. Be5 f3 35. a5 fxg2 36. a6 Be4 37. Bd6 Rc8 38. a7 Ra8 39. b5 Rf3 40. Re3 Rxe3 41. fxe3 d4 42. Bb8 d3 43. Rd1 Ke7 44. b6 Kxe6 45. Rb1 Bb7 46. Kf2 h4 47. Rb3 g4 48. Rxd3 g3+ 49. Kg1 h3 50. Bxg3 Rc8 1/2-1/2

[Event "Chigorin Memorial 27th"]
[Site "St Petersburg"]
[Date "2019.10.09"]
[Round "5"]
[White "Khodko, Yurii N"]
[Black "Gorodnichev, Alexey"]
[Result "1-0"]
[WhiteElo "1877"]
[BlackElo "1797"]
[PlyCount "47"]
[EventDate "2019.10.05"]
[EventType "swiss"]
[EventRounds "9"]
[EventCountry "RUS"]
[SourceTitle "EXT 2020"]
[Source "ChessBase"]
[SourceDate "2019.10.17"]
[SourceVersion "1"]
[SourceVersionDate "2019.10.17"]
[SourceQuality "1"]

1. e4 c5 2. Nf3 d6 3. d4 cxd4 4. Nxd4 Nf6 5. Nc3 a6 6. Bg5 e6 7. Qd2 Be7 8. 0-0-0 Qc7 9. f4 0-0 10. g4 Rd8 11. Bxf6 Bxf6 12. g5 Be7 13. f5 d5 14. exd5 exf5 15. Bh3 g6 16. Bg2 Bd6 17. Kb1 b5 18. Ne6 Bxe6 19. dxe6 Be7 20. Nd5 Rxd5 21. Qxd5 Ra7 22. Qd4 Bf8 23. e7 Qxe7 24. Bd5 1-0

[Event "Chigorin Memorial 27th"]
[Site "St Petersburg"]
[Date "2019.10.07"]
[Round "3"]
[White "Khodko, Yurii N"]
[Black "Chereshkevich, Yuri"]
[Result "1-0"]
[WhiteElo "1877"]
[BlackElo "1478"]
[PlyCount "25"]
[EventDate "2019.10.05"]
[EventType "swiss"]
[EventRounds "9"]
[EventCountry "RUS"]
[SourceTitle "EXT 2020"]
[Source "ChessBase"]
[SourceDate "2019.10.17"]
[SourceVersion "1"]
[SourceVersionDate "2019.10.17"]
[SourceQuality "1"]

1. e4 e6 2. d4 d5 3. Nd2 c5 4. exd5 exd5 5. Ngf3 Nc6 6. dxc5 Bxc5 7. Nb3 Bb6 8. Bd3 Qe7+ 9. Qe2 Nf6 10. Qxe7+ Nxe7 11. 0-0 Bf5 12. Re1 Bd8 13. Bxf5 1-0

[Event "Chigorin Memorial 26th"]
[Site "St Petersburg"]
[Date "2018.11.01"]
[Round "6"]
[White "Khodko, Yurii N"]
[Black "Mustafazade, Fikrat"]
[Result "0-1"]
[WhiteElo "1858"]
[BlackElo "1404"]
[PlyCount "120"]
[EventDate "2018.10.27"]
[EventType "swiss"]
[EventRounds "9"]
[EventCountry "RUS"]
[SourceTitle "CBM 187 Extra"]
[Source "ChessBase"]
[SourceDate "2018.11.04"]
[SourceVersion "1"]
[SourceVersionDate "2018.11.04"]
[SourceQuality "1"]

1. e4 c5 2. Nf3 e6 3. d4 cxd4 4. Nxd4 a6 5. Bd3 Qc7 6. 0-0 Nc6 7. Be3 Nf6 8. h3 Bd6 9. c3 0-0 10. Nd2 Ne5 11. Be2 Nc6 12. Kh1 Re8 13. Bd3 Bf8 14. Bg5 Be7 15. f4 d6 16. g4 e5 17. Nf5 Bxf5 18. gxf5 exf4 19. Bxf4 Ne5 20. Bxe5 dxe5 21. Qe2 Red8 22. Rad1 Nh5 23. Kh2 Nf4 24. Rxf4 exf4 25. Nf3 Bf6 26. e5 Re8 27. e6 fxe6 28. fxe6 Re7 29. h4 Bxh4 30. Qe4 Bg3+ 31. Kh3 g6 32. Bc4 Rd8 33. Rd7 Rdxd7 34. exd7+ Kf8 35. Be6 Qxd7 36. Nd4 Rxe6 37. Qxe6 Qxe6+ 38. Nxe6+ Ke7 39. Nc5 b6 40. Nxa6 g5 41. Nb4 Kd6 42. Nc2 h5 43. c4 g4+ 44. Kg2 Bh4 45. b4 Bf6 46. Ne1 h4 47. c5+ bxc5 48. bxc5+ Kc6 49. a4 h3+ 50. Kh2 Bh4 51. Nd3 Bg3+ 52. Kg1 h2+ 53. Kh1 f3 54. a5 f2 55. Nxf2 Bxf2 56. Kxh2 Kxc5 57. Kg2 g3 58. Kf3 Kb5 59. Kg2 Kxa5 60. Kf3 Kb4 0-1

[Event "Chigorin Memorial 26th"]
[Site "St Petersburg"]
[Date "2018.10.28"]
[Round "2"]
[White "Khodko, Yurii N"]
[Black "Saveliev, Alexei"]
[Result "0-1"]
[WhiteElo "1858"]
[BlackElo "2365"]
[PlyCount "108"]
[EventDate "2018.10.27"]
[EventType "swiss"]
[EventRounds "9"]
[EventCountry "RUS"]
[SourceTitle "CBM 187 Extra"]
[Source "ChessBase"]
[SourceDate "2018.11.04"]
[SourceVersion "1"]
[SourceVersionDate "2018.11.04"]
[SourceQuality "1"]

1. e4 c5 2. Nf3 a6 3. c3 d5 4. exd5 Qxd5 5. d4 Bg4 6. Be2 e6 7. h3 Bh5 8. Be3 cxd4 9. Qxd4 Nf6 10. 0-0 Qxd4 11. Nxd4 e5 12. Nf3 Nc6 13. g4 Bg6 14. Nbd2 Nd5 15. Nc4 f6 16. Nb6 Nxe3 17. Nxa8 Nxf1 18. Kxf1 Bf7 19. b4 Bd6 20. Nb6 h5 21. g5 Be6 22. Kg2 h4 23. Bc4 Ke7 24. Rd1 Bxc4 25. Nxc4 Bc7 26. a3 Ke6 27. Nb2 f5 28. Na4 b6 29. c4 e4 30. Nd4+ Nxd4 31. Rxd4 Rh5 32. b5 Rxg5+ 33. Kf1 axb5 34. cxb5 Rg6 35. Nc3 Be5 36. Rc4 Bxc3 37. Rc6+ Kf7 38. Rxc3 Rd6 39. a4 Ke6 40. Rc7 g5 41. Rg7 Kf6 42. Rh7 Rd4 43. Rh6+ Ke5 44. Rxb6 Rxa4 45. Rb8 Rb4 46. b6 Kf4 47. Ke2 Rb2+ 48. Ke1 Kf3 49. b7 f4 50. Rg8 Rxb7 51. Rxg5 Rb1+ 52. Kd2 Kxf2 53. Rg4 e3+ 54. Kd3 f3 0-1

[Event "St Petersburg Korchnoi Memorial op"]
[Site "St Petersburg"]
[Date "2018.08.20"]
[Round "6"]
[White "Khodko, Yurii N"]
[Black "Martynyuk, Elizaveta"]
[Result "0-1"]
[WhiteElo "1822"]
[BlackElo "2090"]
[PlyCount "82"]
[EventDate "2018.08.15"]
[EventType "swiss"]
[EventRounds "9"]
[EventCountry "RUS"]
[SourceTitle "CBM 186 Extra"]
[Source "ChessBase"]
[SourceDate "2018.08.24"]
[SourceVersion "1"]
[SourceVersionDate "2018.08.24"]
[SourceQuality "1"]

1. e4 c5 2. Nf3 e6 3. d4 cxd4 4. Nxd4 Nc6 5. Nc3 Qc7 6. Be2 a6 7. 0-0 Nf6 8. Nxc6 bxc6 9. f4 d5 10. e5 Nd7 11. Bf3 a5 12. a4 Rb8 13. b3 Bb4 14. Bb2 0-0 15. Kh1 Qb6 16. Be2 Nc5 17. Na2 Ne4 18. Nxb4 axb4 19. Bd4 c5 20. Bb2 Ba6 21. f5 Bxe2 22. Qxe2 exf5 23. Rxf5 Qh6 24. Rh5 Qg6 25. Rh4 Rbc8 26. Rf1 c4 27. Bd4 cxb3 28. cxb3 Rc2 29. Qg4 Nd2 30. Qxg6 hxg6 31. Rd1 Nxb3 32. Bg1 d4 33. Rb1 g5 34. Rh3 Nc1 35. Bxd4 b3 36. Be3 b2 37. Rf3 Rb8 38. Rf1 Ne2 39. a5 Nc3 40. h3 Nxb1 41. Rxb1 Ra8 0-1